| 000 | 02120nam a2200385 a 4500 | ||
|---|---|---|---|
| 001 | 1901523 | ||
| 003 | AM-YEHGA | ||
| 005 | 20250618080120.0 | ||
| 008 | 230506s2022 ai a|||gr|||||||||0|arm|d | ||
| 020 | _a9789939822952 | ||
| 040 | _aAM-YeHGA | ||
| 041 | 0 | _aarm | |
| 100 | 1 | _aԽաչատրյան, Արտաշես | |
| 245 | 1 | 0 |
_aՀուշեր / _cԱ. Խաչատրյան ; Իմ կյանքի մասին / Լ. Աշպահյան ; Խմբագիր՝ Է. Խաչատրյան ; Կազմող, առաջաբանի և ծանոթագրությունների հեղինակ՝ Ռ. Թաթոյան ; Խմբագիր, առաջաբանի և ծանոթագրությունների հեղինակ՝ Ն. Հակոբյան ; «Հայոց ցեղասպանության թանգարան-ինստիտուտ» հիմնադրամ. |
| 246 | 1 | 5 | _aMemoirs |
| 246 | 1 | 5 | _aВоспоминания |
| 246 | 1 | 5 | _aAbout my life |
| 246 | 1 | 5 | _aО моей жизни |
| 260 |
_aԵրևան : _bՀՑԹԻ հրատարակչություն, _c2022. |
||
| 300 |
_a248 էջ : _bլուսանկ. ; _c20 սմ. |
||
| 490 | 0 |
_a«Հայոց ցեղասպանությունը վերապրածների հուշագրություններ» ; _v6 |
|
| 500 | _aԿռանկին՝ VI: | ||
| 504 | _aՏողատակում՝ ծանոթագրություններ: | ||
| 650 | 1 | 4 | _aՍփյուռքահայ հուշագրություն |
| 650 | 1 | 4 |
_aՀայ հուշագրություն _95766 |
| 650 | 1 | 4 |
_aՀայոց ցեղասպանություն (1915-1923) _vԱկանատեսների վկայություններ _95783 |
| 700 | 1 | _aԱշպահյան, Լևոն | |
| 700 | 1 |
_aԽաչատրյան (Ենոքյան), Էմմա _eխմբ. _4edt |
|
| 700 | 1 |
_aԹաթոյան, Ռոբերտ _eկազմ. _4com _eառաջաբ. հեղ. _4aui _eծանոթագրող _4cmm |
|
| 700 | 1 |
_aՀակոբյան, Նարինե _eխմբ. _4edt _eառաջաբ. հեղ. _4aui _eծանոթագրող _4cmm |
|
| 710 | 2 | _a«Հայոց ցեղասպանության թանգարան-ինստիտուտ» հիմնադրամ | |
| 740 | 0 | 2 | _aԻմ կյանքի մասին |
| 942 |
_2udc _cBK |
||
| 090 | _c566119 | ||
| 999 |
_c527962 _d527962 |
||